Statistics for Inter Milan Top Scorers

Click here to take the quiz!

General Stats

  • This quiz has been taken 43 times
  • The average score is 8 of 25

Answer Stats

CountryGoalsPlayer (Answer)% Correct
Sweden66Zlatan Ibrahimović
92%
Brazil59Ronaldo
86%
Argentina120Lautaro Martínez
78%
Belgium78Romelu Lukaku
78%
Argentina75Diego Milito
70%
Italy284Giuseppe Meazza
62%
Argentina121Mauro Icardi
59%
Italy123Christian Vieri
57%
Brazil74Adriano
49%
Italy162Sandro Mazzola
41%
Italy209Alessandro Altobelli
30%
Uruguay72Álvaro Recoba
27%
Argentina75Julio Cruz
22%
Hungary133Ivstán Nyers
19%
Italy95Mario Corso
16%
Italy173Roberto Boninsegna
16%
Italy78Aldo Serena
11%
Italy143Benito Lorenzi
11%
Italy76Giacinto Facchetti
11%
Brazil70Jair
5%
Italy80Antonio Angelillio
0%
Italy86Attilio Demariá
0%
Italy69Eddie Firmani
0%
Italy72Gino Armano
0%
Italy68Leopoldo Conti
0%

Score Distribution

Percentile by Number Answered

Percent of People with Each Score

Your Score History

You have not taken this quiz